ბათუმის შოთა რუსთაველის სახელმწიფო უნივერსიტეტის ბიბლიოთეკა

ბიზნესის ანალიზი - შეფასება და განვითარების პროგნოზირება : (ბიბ.ჩანაწერი № 64128)

000 -ლიდერი
ფიქსირებული სიგრძის საკონტროლო ველი 02034nam a22002297a 4500
003 - საკონტროლო ნომრის იდენტიფიკატორი
საკონტროლო ველი Ge_BSU
005 - ბოლო ოპერაციის თარიღი და დრო
საკონტროლო ველი 20260408171312.0
008 - ფიქსირებული სიგრძის მონაცემთა ელემენტები - ზოგადი ინფორმაცია
ფიქსირებული სიგრძის საკონტროლო ველი 260408s2020 ge ||||| |||| 00| 0 geo d
020 ## - წიგნის საერთაშორისო სტანდარტული ნომერი
International Standard Book Number 9789941258107
041 ## - ენის კოდი
Language code of text/sound track or separate title geo
080 ## - უნივერსალური ათობითი კლასიფიკაციის ინდექსი
Universal Decimal Classification number 338.22(075.8) 330.101.542(075.8) ლ-65
100 ## - მთავარი ჩანაწერი - პიროვნების სახელი
Personal name ლიპარტია, ზურაბ
9 (RLIN) 27305
245 ## - ცნობა სათაურის შესახებ
Title ბიზნესის ანალიზი - შეფასება და განვითარების პროგნოზირება :
Remainder of title [სახელმძღვანელო] /
Statement of responsibility, etc ზურაბ ლიპარტია; სამეცნიერო რედაქტორები: დავით ჯალაღონია, იური პაპასქუა, რუსუდან ქუთათელაძე, თინა გელაშვილი; ყდის დიზაინი გიორგი ჩიქვინიძე; სოხუმის სახელმწიფო უნივერსიტეტი, ბიზნესისა და სოციალურ მეცნიერებათა ფაკულტეტი.
264 ## - წარმოების, გამოცემის, დისტრიბუციის და სხვა ცნობები
გამოცემის, წარმოების, დისტრიბუციის... ადგილი თბილისი :
გამოცემის, წარმოების, დისტრიბუციის... სახელწოდება მერიდიანი,
გამოცემის, წარმოების, დისტრიბუციის... თარიღი 2020.
300 ## - ფიზიკური აღწერა
Extent 620 გვ. :
Other physical details ნახ. ,ცხრ. ;
Dimensions 29 სმ.
500 ## - ზოგადი შენიშვნა
General note თავფურცლის მე-3 გვერდი ინგლისურ ენაზე, მე-5 გვერდი რუსულ ენაზე.
501 ## - შენიშვნა თანმხლებ მასალაზე
With note იბეჭდება ავტორის მიერ წარმოდგენილი სახით.
700 ## - ADDED ENTRY--PERSONAL NAME
Personal name ჯალაღონია, დავით
Relator term სამეცნიერო რედაქტორი
9 (RLIN) 14560
700 ## - ADDED ENTRY--PERSONAL NAME
Personal name პაპასქუა, იური
Relator term სამეცნიერო რედაქტორი
9 (RLIN) 564
700 ## - ADDED ENTRY--PERSONAL NAME
Personal name ქუთათელაძე, რუსუდან და სხვ.
Relator term სამეცნიერო რედაქტორი
9 (RLIN) 27306
942 ## - ADDED ENTRY ELEMENTS (KOHA)
Source of classification or shelving scheme
Koha item type წიგნი
ეგზემპლარები
ჩამოწერის სტატუსი დაკარგული ეგზემპლარის სტატუსი კლასიფიკაციის წყარო ან თაროზე გაწყობის სქემა დაზიანების სტატუსი არ გაიცემა მუდმივი მდებარეობა (დაცვის ადგილი) ამჟამინდელი ადგილსამყოფელი თაროზე განთავსების ადგილი შეძენის თარიღი ღირებულება, შესყიდვის ნორმალური ფასი სრული შენახვის შიფრი შტრიხკოდი ბოლო ოპერაციის თარიღი ეგზემპლარის მიმდევრობითი ნომერი (კეტერი?) Uniform Resource Identifier ფასის ძალაში შესვლის თარიღი ეგზემპლარის სახეობა საჯარო შენიშვნა
          ბათუმის შოთა რუსთაველის სახელმწიფო უნივერსიტეტის მთავარი ბიბლიოთეკა ბათუმის შოთა რუსთაველის სახელმწიფო უნივერსიტეტის მთავარი ბიბლიოთეკა წიგნსაცავი 2026-04-08 27.75 338.22(075.8) 330.101.542(075.8) ლ-65 74273 2026-04-08 74273 ნაჩუქარი 2026-04-08 წიგნი 27 ლ. 75 თ.